| 000 | 00722nam a22002177a 4500 | ||
|---|---|---|---|
| 003 | OSt | ||
| 005 | 20251128144229.0 | ||
| 008 | 251128b |||||||| |||| 00| 0 eng d | ||
| 020 | _a0-07-124625-8 | ||
| 040 |
_aDWC-Main lib _cOC |
||
| 082 |
_26th edition _aCirc. 591 M651z 2005 |
||
| 100 | _aMiller, S. | ||
| 245 |
_aZoology _cMiller, Stephen A. |
||
| 250 | _a6th edition | ||
| 260 |
_aNew York : _bMcGraw-Hill Higher Education, _cc2005 |
||
| 300 |
_axix, 556 pages : _billustration : _c 26 cm. |
||
| 504 | _aIncludes bibliographical references and index | ||
| 650 | _2Zoology | ||
| 700 | _aHarley, John P. | ||
| 942 |
_2ddc _cBK-CIRC _e6th edition _hCirc. 591 M651z 2005 _kCirc. _n0 |
||
| 999 |
_c6572 _d6572 |
||